<?xml version="1.0" encoding="UTF-8"?>
<record
    xmlns:xsi="http://www.w3.org/2001/XMLSchema-instance"
    xsi:schemaLocation="http://www.loc.gov/MARC21/slim http://www.loc.gov/standards/marcxml/schema/MARC21slim.xsd"
    xmlns="http://www.loc.gov/MARC21/slim">

  <leader>01301nam0a2200313   4500</leader>
  <controlfield tag="001">RU\NLR\ONL2\6307</controlfield>
  <controlfield tag="005">20260406073153.0</controlfield>
  <datafield tag="010" ind1=" " ind2=" ">
    <subfield code="a">5-298-04181-7</subfield>
    <subfield code="9">2000</subfield>
  </datafield>
  <datafield tag="035" ind1=" " ind2=" ">
    <subfield code="a">(NLR Aleph) 009653904</subfield>
  </datafield>
  <datafield tag="090" ind1=" " ind2=" ">
    <subfield code="a">9581862</subfield>
    <subfield code="c">9581862</subfield>
  </datafield>
  <datafield tag="100" ind1=" " ind2=" ">
    <subfield code="a">20061113d2006    |||y0rusy50      ca</subfield>
  </datafield>
  <datafield tag="101" ind1="0" ind2=" ">
    <subfield code="a">tat</subfield>
  </datafield>
  <datafield tag="102" ind1=" " ind2=" ">
    <subfield code="a">RU</subfield>
  </datafield>
  <datafield tag="105" ind1=" " ind2=" ">
    <subfield code="a">c |||||||||</subfield>
  </datafield>
  <datafield tag="200" ind1="1" ind2=" ">
    <subfield code="a">&#x41A;&#x443;&#x43A; &#x43A;&#x430;&#x43F;&#x443;&#x441;&#x44B; &#x430;&#x447;&#x44B;&#x43B;&#x441;&#x430;...</subfield>
    <subfield code="e">[&#x44D;&#x437;&#x43E;&#x442;&#x435;&#x440;&#x438;&#x43A; &#x44F;&#x437;&#x43C;&#x430;&#x43B;&#x430;&#x440;, &#x442;&#x430;&#x440;&#x438;&#x445;&#x438; &#x44D;&#x441;&#x44D;&#x440;, &#x445;&#x438;&#x43A;&#x44D;&#x44F;&#x43B;&#x44D;&#x440;, &#x43F;&#x443;&#x431;&#x43B;&#x438;&#x446;&#x438;&#x441;&#x442;&#x438;&#x43A;&#x430;]</subfield>
    <subfield code="f">&#x421;&#x43E;&#x43B;&#x442;&#x430;&#x43D; &#x428;&#x44D;&#x43C;&#x441;&#x438;</subfield>
  </datafield>
  <datafield tag="210" ind1=" " ind2=" ">
    <subfield code="a">&#x41A;&#x430;&#x437;&#x430;&#x43D;</subfield>
    <subfield code="c">&#x422;&#x430;&#x442;&#x430;&#x440;. &#x43A;&#x438;&#x442;. &#x43D;&#x44D;&#x448;&#x440;.</subfield>
    <subfield code="d">2006</subfield>
  </datafield>
  <datafield tag="215" ind1=" " ind2=" ">
    <subfield code="a">429, [1] &#x431;., [1] &#x43B;. &#x43F;&#x43E;&#x440;&#x442;&#x440;.</subfield>
    <subfield code="d">21</subfield>
  </datafield>
  <datafield tag="300" ind1=" " ind2=" ">
    <subfield code="a">&#x412; &#x432;&#x44B;&#x43F;. &#x434;&#x430;&#x43D;. &#x430;&#x432;&#x442;.: &#x428;&#x430;&#x43C;&#x441;&#x435;&#x442;&#x434;&#x438;&#x43D;&#x43E;&#x432; &#x421;&#x443;&#x43B;&#x442;&#x430;&#x43D; &#x421;&#x430;&#x43B;&#x44F;&#x445;&#x43E;&#x432;&#x438;&#x447;.</subfield>
  </datafield>
  <datafield tag="541" ind1="1" ind2=" ">
    <subfield code="6">z01790</subfield>
    <subfield code="a">&#x412;&#x440;&#x430;&#x442;&#x430; &#x441;&#x435;&#x434;&#x44C;&#x43C;&#x43E;&#x433;&#x43E; &#x43D;&#x435;&#x431;&#x430;...</subfield>
    <subfield code="e">[&#x44D;&#x437;&#x43E;&#x442;&#x435;&#x440;&#x438;&#x447;. &#x441;&#x442;., &#x440;&#x430;&#x441;&#x441;&#x43A;&#x430;&#x437;&#x44B;, &#x43F;&#x443;&#x431;&#x43B;&#x438;&#x446;&#x438;&#x441;&#x442;&#x438;&#x43A;&#x430;].</subfield>
    <subfield code="z">rus</subfield>
  </datafield>
  <datafield tag="686" ind1="1" ind2=" ">
    <subfield code="a">&#x428;6(2=&#x422;&#x430;&#x442;)7-4</subfield>
  </datafield>
  <datafield tag="700" ind1=" " ind2="1">
    <subfield code="4">070</subfield>
    <subfield code="8">tat</subfield>
    <subfield code="7">ca</subfield>
    <subfield code="a">&#x428;&#x4D9;&#x43C;&#x441;&#x438;</subfield>
    <subfield code="b">&#x421;.</subfield>
    <subfield code="f">1946-</subfield>
    <subfield code="g">&#x421;&#x43E;&#x43B;&#x442;&#x430;&#x43D;</subfield>
    <subfield code="3">RU\NLR\auth-onl\771037</subfield>
    <subfield code="9">131092</subfield>
  </datafield>
  <datafield tag="790" ind1=" " ind2="1">
    <subfield code="4">070</subfield>
    <subfield code="8">rus</subfield>
    <subfield code="7">ca</subfield>
    <subfield code="a">&#x428;&#x430;&#x43C;&#x441;&#x438;</subfield>
    <subfield code="b">&#x421;.</subfield>
    <subfield code="f">1946-</subfield>
    <subfield code="g">&#x421;&#x443;&#x43B;&#x442;&#x430;&#x43D;</subfield>
    <subfield code="3">RU\NLR\auth-onl\771038</subfield>
    <subfield code="9">131093</subfield>
  </datafield>
  <datafield tag="801" ind1=" " ind2="0">
    <subfield code="a">RU</subfield>
    <subfield code="b">NLR</subfield>
    <subfield code="c">20061113</subfield>
    <subfield code="g">PSBO</subfield>
  </datafield>
  <datafield tag="852" ind1=" " ind2=" ">
    <subfield code="a">NLR</subfield>
    <subfield code="b">&#x41E;&#x41D;&#x41B;</subfield>
    <subfield code="j">&#x422;&#x430;&#x442;&#x430;&#x440;./3-13330</subfield>
  </datafield>
  <datafield tag="942" ind1=" " ind2=" ">
    <subfield code="c">BOOK</subfield>
  </datafield>
  <datafield tag="980" ind1=" " ind2=" ">
    <subfield code="a">NB</subfield>
  </datafield>
  <datafield tag="980" ind1=" " ind2=" ">
    <subfield code="a">ONL_RF</subfield>
  </datafield>
  <datafield tag="995" ind1=" " ind2=" ">
    <subfield code="5">2013-10-26</subfield>
    <subfield code="b">NLR01</subfield>
    <subfield code="c">NLR01</subfield>
    <subfield code="e">ONL</subfield>
    <subfield code="f">9653904-10</subfield>
    <subfield code="k">&#x422;&#x430;&#x442;&#x430;&#x440;./3-13330</subfield>
    <subfield code="o">0</subfield>
    <subfield code="r">BOOK</subfield>
    <subfield code="s">313330_</subfield>
  </datafield>
</record>
